000 00910cab a22002055a 4500
001 L145569
008 081022e20081003xxk f v 000 0 eng d
035 _a(Sirsi) u145569
041 0 _aeng
100 1 _aGordon, Warren
245 0 0 _aBack-door compensation
260 _c2008
490 0 _aProperty Week
_v73(40) 3 October 2008, 74(1)
520 _aSummarises the case of Greenweb v London Borough of Wandsworth [2008] EWCA Civ 910, 31 July 2008 (see L145568). Wandsworth local authority taxpayers must fund a £1.6m windfall gain to a developer obtained by invoking obscure statutory planning rules intended for use following wartime destruction of property.
590 _aKA
650 2 4 _aGREENWEB LTD V LONDON BOROUGH OF WANDSWORTH
651 4 _aEngland and Wales
_y1543-
690 _aENVIRONMENTAL AND LAND CONSULTANCY-PLANNING AND DEVELOPMENT-COMPULSORY PURCHASE AND COMPENSATION
942 _n0
999 _c80882
_d80882